<?xml version="1.0" encoding="UTF-8"?>
<record
    xmlns:xsi="http://www.w3.org/2001/XMLSchema-instance"
    xsi:schemaLocation="http://www.loc.gov/MARC21/slim http://www.loc.gov/standards/marcxml/schema/MARC21slim.xsd"
    xmlns="http://www.loc.gov/MARC21/slim">

  <leader>02579nam a2200397 i 4500</leader>
  <controlfield tag="001">196912</controlfield>
  <controlfield tag="003">ES-MaACL</controlfield>
  <controlfield tag="005">20250811065744.0</controlfield>
  <controlfield tag="008">250128e2024    sp a|||| |||| 00| 0 spa d</controlfield>
  <datafield tag="024" ind1="7" ind2=" ">
    <subfield code="a">151-24-031-7</subfield>
    <subfield code="2">nipo</subfield>
  </datafield>
  <datafield tag="040" ind1=" " ind2=" ">
    <subfield code="b">spa</subfield>
    <subfield code="c">ES-MaACL</subfield>
  </datafield>
  <datafield tag="080" ind1=" " ind2=" ">
    <subfield code="a">001.891</subfield>
  </datafield>
  <datafield tag="080" ind1=" " ind2=" ">
    <subfield code="a">7.05</subfield>
  </datafield>
  <datafield tag="245" ind1="0" ind2="0">
    <subfield code="a">Primer Foro Iberoamericano de Investigaci&#xF3;n y Dise&#xF1;o</subfield>
  </datafield>
  <datafield tag="246" ind1="1" ind2=" ">
    <subfield code="a">I Foro Iberoamericano de Investigaci&#xF3;n y Dise&#xF1;o</subfield>
  </datafield>
  <datafield tag="260" ind1=" " ind2=" ">
    <subfield code="a">Madrid :</subfield>
    <subfield code="b">Ministerio de Ciencia, Innovaci&#xF3;n y Universidades, Secretar&#xED;a General de Innovaci&#xF3;n,</subfield>
    <subfield code="c">2024</subfield>
  </datafield>
  <datafield tag="300" ind1=" " ind2=" ">
    <subfield code="a">3 vol&#xFA;menes (217 ; 183 ; 235 p&#xE1;ginas) : </subfield>
    <subfield code="b">fotograf&#xED;as (blanco y negro y color), ilustraciones (blanco y negro y color) ; </subfield>
    <subfield code="c">24 cm</subfield>
  </datafield>
  <datafield tag="336" ind1=" " ind2=" ">
    <subfield code="2">rdacontent</subfield>
    <subfield code="a">texto</subfield>
  </datafield>
  <datafield tag="337" ind1=" " ind2=" ">
    <subfield code="2">rdamedia</subfield>
    <subfield code="a">sin mediaci&#xF3;n</subfield>
  </datafield>
  <datafield tag="338" ind1=" " ind2=" ">
    <subfield code="2">rdacarrier</subfield>
    <subfield code="a">volumen</subfield>
  </datafield>
  <datafield tag="500" ind1=" " ind2=" ">
    <subfield code="a">&#xCD;ndice</subfield>
  </datafield>
  <datafield tag="505" ind1="0" ind2=" ">
    <subfield code="a">Vol. 1. El dise&#xF1;o en el Foro - v. 2-3. Proyectos de investigaci&#xF3;n</subfield>
  </datafield>
  <datafield tag="520" ind1=" " ind2=" ">
    <subfield code="a">El dise&#xF1;o y la investigaci&#xF3;n de Iberoam&#xE9;rica necesitan un impulso coordinado y urgente. S&#xF3;lo as&#xED; podr&#xE1;n jugar el papel que les corresponde, de activadores de la econom&#xED;a y el desarrollo social de nuestros pa&#xED;ses. Activar este potencial de la investigaci&#xF3;n y el dise&#xF1;o es esencial para crear comunidad, no s&#xF3;lo para los investigadores y los profesionales del dise&#xF1;o, sino para las universidades, las empresas, las instituciones p&#xFA;blicas y para el conjunto de la sociedad. Esta activaci&#xF3;n puede convertir en un caudal el intenso trabajo que los profesionales y las redes de investigaci&#xF3;n vienen desarrollando en los &#xFA;ltimos a&#xF1;os</subfield>
  </datafield>
  <datafield tag="530" ind1=" " ind2=" ">
    <subfield code="a">Disponible en formato digital </subfield>
  </datafield>
  <datafield tag="650" ind1=" " ind2="4">
    <subfield code="a">Investigaci&#xF3;n- </subfield>
    <subfield code="v">Congresos y asambleas </subfield>
    <subfield code="9">241535</subfield>
  </datafield>
  <datafield tag="650" ind1=" " ind2="4">
    <subfield code="a">Dise&#xF1;o-</subfield>
    <subfield code="v">Congresos y asambleas </subfield>
    <subfield code="9">241536</subfield>
  </datafield>
  <datafield tag="710" ind1="1" ind2=" ">
    <subfield code="a">Espa&#xF1;a.</subfield>
    <subfield code="b">Ministerio de Ciencia, Innovaci&#xF3;n y Universidades</subfield>
    <subfield code="e">edt</subfield>
    <subfield code="9">241600</subfield>
  </datafield>
  <datafield tag="852" ind1=" " ind2=" ">
    <subfield code="a">ES-MaACL</subfield>
    <subfield code="c">DEPOJ</subfield>
    <subfield code="h">Donaci&#xF3;n Ministerio de Ciencia, Innovaci&#xF3;n y Universidades</subfield>
    <subfield code="j">N-10319</subfield>
    <subfield code="p">v. 1</subfield>
    <subfield code="9">204585</subfield>
  </datafield>
  <datafield tag="852" ind1=" " ind2=" ">
    <subfield code="a">ES-MaACL</subfield>
    <subfield code="c">DEPOJ</subfield>
    <subfield code="h">Donaci&#xF3;n Ministerio de Ciencia, Innovaci&#xF3;n y Universidades</subfield>
    <subfield code="j">N-10320</subfield>
    <subfield code="p">v. 2</subfield>
    <subfield code="9">204586</subfield>
  </datafield>
  <datafield tag="852" ind1=" " ind2=" ">
    <subfield code="a">ES-MaACL</subfield>
    <subfield code="c">DEPOJ</subfield>
    <subfield code="h">Donaci&#xF3;n Ministerio de Ciencia, Innovaci&#xF3;n y Universidades</subfield>
    <subfield code="j">N-10321</subfield>
    <subfield code="p">v. 3</subfield>
    <subfield code="9">204587</subfield>
  </datafield>
  <datafield tag="856" ind1="4" ind2=" ">
    <subfield code="u">https://www.ciencia.gob.es/InfoGeneralPortal/detalle-publicacion/MICIU/Primer-foro-iberoamericano-de-investigacion-y-diseno.html</subfield>
    <subfield code="y">Versi&#xF3;n en l&#xED;nea</subfield>
    <subfield code="z">(Ministerio de Ciencia, Innovaci&#xF3;n y Universidades)</subfield>
  </datafield>
  <datafield tag="942" ind1=" " ind2=" ">
    <subfield code="c">MONOGRAFIA</subfield>
    <subfield code="n">0</subfield>
  </datafield>
  <datafield tag="999" ind1=" " ind2=" ">
    <subfield code="c">196912</subfield>
    <subfield code="d">196912</subfield>
  </datafield>
  <datafield tag="952" ind1=" " ind2=" ">
    <subfield code="0">0</subfield>
    <subfield code="1">0</subfield>
    <subfield code="2">udc</subfield>
    <subfield code="3">v. 1</subfield>
    <subfield code="4">0</subfield>
    <subfield code="7">0</subfield>
    <subfield code="a">ATENEOM</subfield>
    <subfield code="b">ATENEOM</subfield>
    <subfield code="c">DEPOJ</subfield>
    <subfield code="d">2025-01-28</subfield>
    <subfield code="e">DONACION</subfield>
    <subfield code="l">0</subfield>
    <subfield code="o">N-10319</subfield>
    <subfield code="p">101229401</subfield>
    <subfield code="r">2025-01-28 00:00:00</subfield>
    <subfield code="y">MONOGRAFIA</subfield>
  </datafield>
  <datafield tag="952" ind1=" " ind2=" ">
    <subfield code="0">0</subfield>
    <subfield code="1">0</subfield>
    <subfield code="2">udc</subfield>
    <subfield code="3">v. 2</subfield>
    <subfield code="4">0</subfield>
    <subfield code="7">0</subfield>
    <subfield code="a">ATENEOM</subfield>
    <subfield code="b">ATENEOM</subfield>
    <subfield code="c">DEPOJ</subfield>
    <subfield code="d">2025-01-28</subfield>
    <subfield code="e">DONACION</subfield>
    <subfield code="l">0</subfield>
    <subfield code="o">N-10320</subfield>
    <subfield code="p">101229402</subfield>
    <subfield code="r">2025-01-28 00:00:00</subfield>
    <subfield code="y">MONOGRAFIA</subfield>
  </datafield>
  <datafield tag="952" ind1=" " ind2=" ">
    <subfield code="0">0</subfield>
    <subfield code="1">0</subfield>
    <subfield code="2">udc</subfield>
    <subfield code="3">v. 3</subfield>
    <subfield code="4">0</subfield>
    <subfield code="7">0</subfield>
    <subfield code="a">ATENEOM</subfield>
    <subfield code="b">ATENEOM</subfield>
    <subfield code="c">DEPOJ</subfield>
    <subfield code="d">2025-01-28</subfield>
    <subfield code="e">DONACION</subfield>
    <subfield code="l">0</subfield>
    <subfield code="o">N-10321</subfield>
    <subfield code="p">101229403</subfield>
    <subfield code="r">2025-01-28 00:00:00</subfield>
    <subfield code="y">MONOGRAFIA</subfield>
  </datafield>
</record>
